Entre la utopía y el desencanto. Pachakutik en el gobierno de Gutiérrez /
Guardado en:
| Hovedforfatter: | |
|---|---|
| Andre forfattere: | , , , , , , , , , , , , , |
| Format: | Texto |
| Udgivet: |
Quito:
Planeta del Ecuador
|
| Fag: | |
| Tags: |
Tilføj Tag
Ingen Tags, Vær først til at tagge denne postø!
|
MARC
| LEADER | 00000 a a2200000 04500 | ||
|---|---|---|---|
| 001 | 37566 | ||
| 003 | |||
| 040 | |||
| 020 | |a 9978-938-27-9 | ||
| 022 | |a 9978-938-27-9 | ||
| 090 | |a 0007 B272e | ||
| 100 | |a Barrera, Augusto | ||
| 245 | |a Entre la utopía y el desencanto. Pachakutik en el gobierno de Gutiérrez / |c Augusto Barrera | ||
| 260 | |a Quito: |b Planeta del Ecuador | ||
| 300 | |a 301 p. | ||
| 650 | |a JEFES DE ESTADO | ||
| 650 | |a ALIANZAS | ||
| 650 | |a POLITICA | ||
| 650 | |a DEMOCRACIA | ||
| 700 | |a Buendía, Fernando | ||
| 700 | |a Carvajal, Miguel | ||
| 700 | |a Chiriboga, Manuel | ||
| 700 | |a Hernández, Virgilio | ||
| 700 | |a Jijón, Victor Hugo | ||
| 700 | |a LLuco, Miguel | ||
| 700 | |a Macas, Luis | ||
| 700 | |a Pérez, Nilka | ||
| 700 | |a Rodríguez, Antonio | ||
| 700 | |a Rodríguez, Lourdes | ||
| 700 | |a Salinas, Rosa | ||
| 700 | |a Solís, Doris | ||
| 700 | |a Torres, Rosa María | ||
| 700 | |a Pacari Ve | ||
| 999 | |c 2861 |d 2861 | ||
